| 000 | 00635nam a2200205 a 4500 | ||
|---|---|---|---|
| 005 | 20220608065315.0 | ||
| 008 | 991125s1976 ag 000 0 spa u | ||
| 035 | _aUPN01000014958 | ||
| 049 | _aF | ||
| 050 | 4 |
_aLB7 _bT4.8 no.9 |
|
| 100 | 1 | _aGarcía de Lentini, Martha A. | |
| 245 | 1 | 3 |
_aEl diálogo basado en una secuencia de siluetas / _cMartha G. de Lentini. |
| 260 |
_aBuenos aires : _bKapelusz, _c1976. |
||
| 300 |
_a38 p. : _bil. |
||
| 440 | 0 |
_aTécnicas vivas de la clase ; _v9 |
|
| 500 | _a"Desarrollo de un tema" | ||
| 650 | 4 |
_aLECTURA, PSICOLOGIA DE LA _96935 |
|
| 650 | 4 |
_aLecturas y narraciones _910213 |
|
| 905 | _aLibro | ||
| 999 |
_c14958 _d14958 |
||